Thermooxidative degradation of natural rubber and low-protein natural rubber (Record no. 71263)

MARC details
000 -LEADER
fixed length control field 00514nam a2200169Ia 4500
100 ## - MAIN ENTRY--AUTHOR NAME
Personal name Yang Lei
245 #0 - TITLE STATEMENT
Title Thermooxidative degradation of natural rubber and low-protein natural rubber
260 ## - PUBLICATION, DISTRIBUTION, ETC. (IMPRINT)
Name of publisher Journal of Polymer Materials
Year of publication 2010
300 ## - PHYSICAL DESCRIPTION
Number of Pages 193-201
500 ## - GENERAL NOTE
General note Source Year: 2010
650 ## - SUBJECT ADDED ENTRY--TOPICAL TERM
Topical Term Low-protein natural rubber
650 ## - SUBJECT ADDED ENTRY--TOPICAL TERM
Topical Term Natural rubber
650 ## - SUBJECT ADDED ENTRY--TOPICAL TERM
Topical Term Thermal properties
650 ## - SUBJECT ADDED ENTRY--TOPICAL TERM
Topical Term Thermooxidative degradation
942 ## - ADDED ENTRY ELEMENTS (KOHA)
Koha item type Journals
Holdings
Withdrawn status Lost status Damaged status Not for loan Home library Current library Shelving location Date acquired Serial Enumeration / chronology Koha item type
      Journals RRII Library RRII Library Rubber technology 05/03/2012 Volume 27, Issue 3 Journals